Duke Mathematical Journal
Salvato in:
| Natura: | Periodico |
|---|---|
| Lingua: | inglese |
| Pubblicazione: |
Durham
Duke Univ. Press
|
| Tags: |
Nessun Tag, puoi essere il primo ad aggiungerne!!
|
MARC
| LEADER | 00000nas1a2200000 4500 | ||
|---|---|---|---|
| 001 | 0010705 | ||
| 005 | 20250730114819.7 | ||
| 022 | |a 0012-7094 | ||
| 022 | |a 1547-7398 | ||
| 041 | 0 | |a eng | |
| 044 | |a US | ||
| 245 | 1 | 0 | |a Duke Mathematical Journal |
| 264 | 1 | |a Durham |b Duke Univ. Press | |